000 01437cam a2200253 4500
001 ##L131817
002 ##9016
008 051209n2005 000 0 eng u
020 _a0415327237
035 _a(Sirsi) u131817
041 0 _aeng
050 0 4 _a658.45 $2 18
100 1 _aDainty, Andrew
245 0 0 _aCommunication in construction
_btheory and practice
260 _aAbingdon
_bTaylor and Francis
_c2005
300 _axvii, 263
_btables
_c23cm.
350 _a24.99
505 2 _aIntroduction -- The challenges of communicating in the construction project environment -- Theoretical perspectives on construction communication -- Interpersonal communication -- Group and team communication -- Organisational communication -- Corporate communication -- Information and communications technology -- Conclusions and future directions in construction communication
520 _aExamines communication within project-based environments at a number of levels ranging from interpersonal interactions between project participants to corporate communications between organisations, and includes several non-typical perspectives on the process of communication. Contains practical guidance on possible solutions to communication problems, together with examples and case studies.
690 _aMANAGEMENT-PROJECT MANAGEMENT-PROJECT COMMUNICATION MANAGEMENT
700 1 _aMoore, David
700 1 _aMurray, Michael
942 _n0
999 _c104852
_d104852